LEADER 01503nam a2200265 4500 001 000000356682 003 CaOOAMICUS 005 20240112150631.0 008 240110s2014 it a 000 u eng r 040 $aSeMil$bita 100 1 $aPieroni, Vittorio,$d<1971- >.$0(OLS)http://semarc/name/56118 245 10$aRasatomaria Gentilii Gen. N. N. Sp. :$ba new Middle Triassic pleurotomarioid gastropod genus and species from Rasa di Varese (San Salvatore Formation, southern Alps) /$cVittorio Pieroni, Alexander Nützel. 264 1$a[S.l. :$bs.n.],$c2014. 300 $aP. 281-286 :$bill. ;$c30 cm 500 $aEstratto da: Rivista italiana di paleontologia e stratigrafia, vol. 120, n. 3, dicembre 2014. 650 4$aVarese - Rasa di Varese - Paleontologia.$0(OLS)http://semarc/subject/54717 650 4$aSan Salvatore - Triassico.$0(OLS)http://semarc/subject/54906 650 4$aGasteropodi - Paleontologia.$0(OLS)http://semarc/subject/54919 700 1 $aNützel, Alexander.$0(OLS)http://semarc/name/118914 850 $aSeMil 852 $aSeMil$W1$xVenegono$y1$m5B XI 8/27$j245581$B247873$CSeMilBibl$Z2$F247873 $81 961 $aPieroni, Vittorio - Omaggio 996 $6245$aRasatomaria Gentilii Gen. N. N. Sp. :$ba new Middle Triassic pleurotomarioid gastropod genus and species from Rasa di Varese (San Salvatore Formation, southern Alps)$9(OLS)http://semarc/title/446935 996 $6264$a[S.l. :$bs.n.]$9(OLS)http://semarc/publisher/29751 LEADER 01628nam a2200325 4500 001 000000355449 003 CaOOAMICUS 005 20230928142452.0 008 230922s2023 it 000 u ita r 020 $a979-12-5975-292-5 040 $aSeMil$bita 100 1 $aMercuri, Gaudioso.$0(OLS)http://semarc/name/118313 245 10$aLibera nos a malo :$bviaggio nella psiche dell'uomo religioso /$cGaudioso Mercuri ; prefazione Angelo Comastri ; postfazione Raffaele De Luca Picione. 264 1$aTodi (PG) :$bTau Editrice,$c2023. 300 $a217 p. ;$c21 cm 490 1 $aAccademica 500 $aIn mezzo al front.: Quando l'esperienza religiosa diventa disturbo psicopatologico. Un excursus attento dei fenomeni soprannaturali 541 0 $aOmaggio mons. Mario Delpini 650 4$aReligione e psicologia.$0(OLS)http://semarc/subject/10191 700 1 $aDe Luca Picione, Raffaele.$0(OLS)http://semarc/name/118314 700 1 $aComastri, Angelo,$c.$0(OLS)http://semarc/name/5864 830 0$aAccademica.$0(OLS)http://semarc/title/445643 850 $aSeMil 852 $aSeMil$W1$xVenegono$y1$m2O III 486$j244506$B246714$CSeMilBibl$Z2$F246714 $81 941 1 $a7 961 $aOmaggio mons. Mario Delpini. ? Con dedica autografa dell?autore (Gaudioso Mercuri) a mons. Mario Delpini 996 $6020$a979-12-5975-292-5$9(OLS)http://semarc/number/298914 996 $6245$aLibera nos a malo :$bviaggio nella psiche dell'uomo religioso$9(OLS)http://semarc/title/445642 996 $6264$aTodi (PG) :$bTau Editrice$9(OLS)http://semarc/publisher/35322